Statistiken für Deutsche Grenzstädte

Klicken Sie hier um das Quiz zu spielen!

Allgemein

  • Dieses Quiz wurde 137 mal gespielt
    (113 seit der letzten Aktualisierung)
  • Das Durchschnittsergebnis liegt bei 12 aus 25

Antwortstatistiken

EinwohnerGrenzlandDistanzStadt% Korrekt
249.070Niederlande, Belgien4 kmAachen
91%
231.848Frankreich17 kmFreiburg
81%
91.113Dänemark5 kmFlensburg
76%
56.679Polen1 kmFrankfurt (Oder)
75%
179.634Frankreich3 kmSaarbrücken
75%
306.502Frankreich13 kmKarlsruhe
69%
84.736Schweiz1 kmKonstanz
69%
53.093Österreich1 kmPassau
69%
110.570Luxemburg9 kmTrier
65%
98.359Polen19 kmCottbus
62%
55.519Polen1 kmGörlitz
58%
261.001Niederlande18 kmMönchengladbach
55%
61.561Schweiz11 kmFriedrichshafen
44%
63.508Österreich16 kmRosenheim
43%
55.527Frankreich12 kmBaden-Baden
40%
69.053Österreich18 kmKempten
38%
52.470Niederlande6 kmKleve
33%
60.857Frankreich11 kmOffenburg
31%
71.074Niederlande6 kmBocholt
25%
63.372Tschechien19 kmPlauen
24%
50.441Frankreich6 kmRastatt
24%
77.523Niederlande16 kmViersen
22%
54.162Niederlande4 kmNordhorn
17%
55.784Niederlande, Belgien14 kmEschweiler
16%
56.103Niederlande, Belgien10 kmStolberg
15%

Verteilung der Resultate

Perzentil nach korrekt beantworteten Fragen

Anzahl Personen mit jedem Resultat

Ihre Resultats-Entwicklung

Sie haben dieses Quiz seit der letzten Aktualisierung nicht gespielt